<?xml version="1.0" encoding="UTF-8"?><?xml-stylesheet type="text/xsl" href="static/style.xsl"?><OAI-PMH xmlns="http://www.openarchives.org/OAI/2.0/" xmlns:xsi="http://www.w3.org/2001/XMLSchema-instance" xsi:schemaLocation="http://www.openarchives.org/OAI/2.0/ http://www.openarchives.org/OAI/2.0/OAI-PMH.xsd"><responseDate>2026-06-04T19:54:50Z</responseDate><request verb="GetRecord" identifier="oai:riuma.uma.es:10630/45133" metadataPrefix="marc">https://riuma.uma.es/rest/oai/request</request><GetRecord><record><header><identifier>oai:riuma.uma.es:10630/45133</identifier><datestamp>2026-04-10T08:42:42Z</datestamp><setSpec>com_10630_2254</setSpec><setSpec>col_10630_37953</setSpec></header><metadata><record xmlns="http://www.loc.gov/MARC21/slim" xmlns:dcterms="http://purl.org/dc/terms/" xmlns:doc="http://www.lyncode.com/xoai" xmlns:xsi="http://www.w3.org/2001/XMLSchema-instance" xsi:schemaLocation="http://www.loc.gov/MARC21/slim http://www.loc.gov/standards/marcxml/schema/MARC21slim.xsd">
   <leader>00925njm 22002777a 4500</leader>
   <datafield ind2=" " ind1=" " tag="042">
      <subfield code="a">dc</subfield>
   </datafield>
   <datafield ind2=" " ind1=" " tag="720">
      <subfield code="a">Jiménez-Navarro, Juan-Pablo</subfield>
      <subfield code="e">author</subfield>
   </datafield>
   <datafield ind2=" " ind1=" " tag="720">
      <subfield code="a">Sarabia-Escriva, Emilio-José</subfield>
      <subfield code="e">author</subfield>
   </datafield>
   <datafield ind2=" " ind1=" " tag="720">
      <subfield code="a">Soto-Francés, Víctor-Manuel</subfield>
      <subfield code="e">author</subfield>
   </datafield>
   <datafield ind2=" " ind1=" " tag="720">
      <subfield code="a">Pinazo-Ojer, José Manuel</subfield>
      <subfield code="e">author</subfield>
   </datafield>
   <datafield ind2=" " ind1=" " tag="260">
      <subfield code="c">2026</subfield>
   </datafield>
   <datafield ind2=" " ind1=" " tag="520">
      <subfield code="a">This study uses a bottom-up model of over 200,000 cases to assess Spain’s residential building stock under future climate scenarios for the years 2050 and 2080 (SSP1-2.6 and SSP5-8.5), aiming to inform the critical need for climate adaptation planning in the building sector. The novelty of our approach lies in the simultaneous comparison of real, sensible energy demand (free-running simulation) against the official, restrictive energy certification procedure, an approach not previously performed for the entire Spanish stock.
The analysis yields two major contributions that challenge current policy. First, we observe a significant shift in energy use: cooling demand surges—doubling by 2080 in vulnerable areas—while heating demand declines, resulting in a net change to total final energy demand of less than 4% across all scenarios. Second, Spain’s current energy certification procedure underestimates 2022 total demand by approximately 5%, primarily by underestimating cooling needs by 18%, a discrepancy that will worsen with climate change. As a result, it fails to capture real discomfort, especially in summer.
A key policy insight is that retrofitting the entire stock to current building code (CTE) U-values would halve total demand and cap future cooling at today’s levels. The Mediterranean region, with half the national stock, is most at risk, facing cooling demand increases of up to 138%. Therefore, a national strategy must prioritize retrofitting the oldest single-family homes in southern Mediterranean areas.</subfield>
   </datafield>
   <datafield ind1="8" ind2=" " tag="024">
      <subfield code="a">Juan-Pablo Jiménez-Navarro, Emilio-José Sarabia-Escriva, Víctor-Manuel Soto-Francés, José-Manuel Pinazo-Ojer, Assessment of the thermal energy demand of Spain’s residential building stock under future climate scenarios, Energy and Buildings, Volume 354, 2026, 116995, ISSN 0378-7788, https://doi.org/10.1016/j.enbuild.2026.116995.</subfield>
   </datafield>
   <datafield ind1="8" ind2=" " tag="024">
      <subfield code="a">https://hdl.handle.net/10630/45133</subfield>
   </datafield>
   <datafield ind1="8" ind2=" " tag="024">
      <subfield code="a">10.1016/j.enbuild.2026.116995</subfield>
   </datafield>
   <datafield tag="653" ind2=" " ind1=" ">
      <subfield code="a">Edificios - Calefacción y ventilación - España</subfield>
   </datafield>
   <datafield tag="653" ind2=" " ind1=" ">
      <subfield code="a">Calefacción</subfield>
   </datafield>
   <datafield tag="653" ind2=" " ind1=" ">
      <subfield code="a">Aire acondicionado</subfield>
   </datafield>
   <datafield tag="653" ind2=" " ind1=" ">
      <subfield code="a">Energía - Consumo - España</subfield>
   </datafield>
   <datafield tag="653" ind2=" " ind1=" ">
      <subfield code="a">Viviendas - Consumo de energía - España</subfield>
   </datafield>
   <datafield ind2="0" ind1="0" tag="245">
      <subfield code="a">Assessment of the thermal energy demand of Spain’s residential building stock under future climate scenarios</subfield>
   </datafield>
</record>
</metadata></record></GetRecord></OAI-PMH>